Proverbs : (Record no. 9671)

MARC details
000 -LEADER
fixed length control field 00896cam a2200265 a 4500
001 - CONTROL NUMBER
control field 16782899
003 - CONTROL NUMBER IDENTIFIER
control field GBCCL
005 - DATE AND TIME OF LATEST TRANSACTION
control field 20241126110716.0
008 - FIXED-LENGTH DATA ELEMENTS--GENERAL INFORMATION
fixed length control field 110517s2012 ilu b 001 0 eng
010 ## -
-- 2011020710
020 ## - INTERNATIONAL STANDARD BOOK NUMBER
International Standard Book Number 9781581348835 (hc)
040 ## - CATALOGING SOURCE
Original cataloging agency DLC
Transcribing agency DLC
Modifying agency DLC
050 00 -
-- BS1465.53
-- .O78 2012
082 00 - DEWEY DECIMAL CLASSIFICATION NUMBER
Classification number 220.7
-- 223/.7077
Edition information 23
Item number PRE
100 1# - MAIN ENTRY--PERSONAL NAME
Personal name Ortlund, Raymond C.,
Titles and words associated with a name Jr.
9 (RLIN) 16815
245 10 - TITLE STATEMENT
Title Proverbs :
Remainder of title wisdom that works /
Statement of responsibility, etc. Raymond C. Ortlund, Jr.
260 ## - PUBLICATION, DISTRIBUTION, ETC.
Place of publication, distribution, etc. Wheaton, Ill. :
Name of publisher, distributor, etc. Crossway,
Date of publication, distribution, etc. c2012.
300 ## - PHYSICAL DESCRIPTION
Extent 216 p. ;
Dimensions 24 cm.
490 0# - SERIES STATEMENT
Series statement Preaching the Word
504 ## - BIBLIOGRAPHY, ETC. NOTE
Bibliography, etc. note Includes bibliographical references (p. 189-196) and indexes.
630 00 - SUBJECT ADDED ENTRY--UNIFORM TITLE
Uniform title Bible.
Name of part/section of a work Proverbs
Form subdivision Commentaries.
9 (RLIN) 13643
906 ## - LOCAL DATA ELEMENT F, LDF (RLIN)
a 7
b cbc
c orignew
d 1
e ecip
f 20
g y-gencatlg
942 ## - ADDED ENTRY ELEMENTS (KOHA)
Source of classification or shelving scheme Dewey Decimal Classification
Koha item type Reference Books
Holdings
Withdrawn status Lost status Source of classification or shelving scheme Damaged status Not for loan Home library Current Library Shelving location Date acquired Total checkouts Full call number Barcode Date last seen Copy number Price effective from Koha item type
    Dewey Decimal Classification     GRACE BIBLE COLLEGE GRACE BIBLE COLLEGE Commentary 2023-04-19   220.7 PRE 016231 2025-05-01 v.13 2023-04-19 Reference Books
© Grace Bible College Library 2025